[Event "Torun op"]
[Site "Torun"]
[Date "2002.??.??"]
[Round "6"]
[White "Manski, Sylwester"]
[Black "Majdzinski, Michal"]
[Result "0-1"]
[WhiteElo "1400"]
[BlackElo "1400"]
[PlyCount "82"]
[EventDate "2002.??.??"]
[EventType "swiss"]
[EventRounds "9"]
[EventCountry "POL"]
[SourceTitle "EXT 2007"]
[Source "ChessBase"]
[SourceDate "2006.11.23"]
[SourceVersion "1"]
[SourceVersionDate "2006.11.23"]
[SourceQuality "1"]

1. e4 e5 2. Nf3 Nc6 3. Bc4 Nf6 4. Ng5 Nxe4 5. Nxf7 Qf6 6. 0-0 Bc5 7. Qe2 Rf8 8. Nc3 Nxc3 9. dxc3 Rxf7 10. Bxf7+ Qxf7 11. b4 Bd6 12. h3 b6 13. b5 Ne7 14. a4 Bb7 15. f3 Nf5 16. Ba3 Ng3 17. Qe1 Nxf1 18. Qxf1 Bxa3 19. Rxa3 Qd5 20. c4 Qc5+ 21. Kh1 Qxa3 22. Qe2 Qc1+ 23. Kh2 Qf4+ 24. Kg1 0-0-0 25. Kf2 e4 26. Qd1 exf3 27. gxf3 Bxf3 28. Qxf3 Qxf3+ 29. Kxf3 Rf8+ 30. Ke3 h5 31. h4 g5 32. hxg5 h4 33. g6 h3 34. g7 Rg8 35. Kd3 h2 36. Kc3 h1Q 37. Kb4 Qc1 38. c5 Rxg7 39. cxb6 Rg4+ 40. Ka5 Qa3 41. bxa7 Qxa4# 0-1